00864nam a22002531 450000100060000000300080000600500170001400800410003103500190007204000360009104100110012708200180013810000340015624500660019025000130025626000390026930000340030850400370034265000280037965000350040794200120044299900170045495201390047111209BD-RjUL20211208235105.0140126s1963 nyua b 001 0 eng d a(BD-RjUL)11258 aDLC/ICUcICUdDLCdBD-RjULbeng1 aengfre00a556bFUG 19631 aFuron, Raymond,d1898-91146410aGeology of Africa.cTranslated by A. Hallam and L.A. Stevens. aeng. ed. aNew York :bHafner Pub. Co.c1963. axii, 377 p. :billus.c23 cm. aIncludes bibliography and index. 0aGeologyzAfrica.934682 0aGeology, Stratigraphic.934683 2ddccBK c11209d11209 00102ddc40718NFICaRUCLbRUCLcReadingd1964-03-21eZeithlinger.g50.00l0o556 FUG 1963r2014-01-26 00:00:00tC-1w2021-12-08yBK